[Event "FRA Team Ch"]
[Site "VANDOEUVRE"]
[Date "2002.??.??"]
[Round "6.5"]
[White "Gallagher, Joseph G"]
[Black "Ekstroem, Roland"]
[Result "1/2-1/2"]
[WhiteElo "2503"]
[BlackElo "2480"]
[PlyCount "54"]
[EventDate "2002.03.??"]
[WhiteTeam "Cannes"]
[BlackTeam "Mulhouse"]

1. e4 c6 2. c4 e5 3. Nf3 d6 4. d4 Nd7 5. Nc3 Ngf6 6. Be2 Be7 7. O-O O-O 8. Re1
Re8 9. Rb1 a6 10. b4 Bf8 11. Bf1 exd4 12. Nxd4 c5 13. Nc2 cxb4 14. Nxb4 Nc5 15.
f3 Be6 16. Be3 Rc8 17. Qd2 Qa5 18. Ncd5 Nxd5 19. cxd5 Bd7 20. Bd4 Bb5 21. Bxb5
axb5 22. Re2 Na6 23. Nxa6 Qxa6 24. f4 Rc4 25. Rc1 Rxc1+ 26. Qxc1 b4 27. Qd1 Qb5
1/2-1/2

[Event "FRA Team Ch"]
[Site "VANDOEUVRE"]
[Date "2002.??.??"]
[Round "6.6"]
[White "Koch, Jean-Rene"]
[Black "Fontaine, Robert"]
[Result "1/2-1/2"]
[WhiteElo "2498"]
[BlackElo "2469"]
[PlyCount "46"]
[EventDate "2002.03.??"]
[WhiteTeam "Mulhouse"]
[BlackTeam "Cannes"]

1. e4 c5 2. Nf3 d6 3. d4 cxd4 4. Nxd4 Nf6 5. Nc3 Nc6 6. Be2 g6 7. Be3 Bg7 8.
Nb3 O-O 9. f4 Be6 10. g4 Na5 11. f5 Bc4 12. Nxa5 Bxe2 13. Qxe2 Qxa5 14. O-O Qe5
15. Bf4 Qc5+ 16. Kh1 Qc6 17. g5 Nd7 18. f6 exf6 19. Rad1 fxg5 20. Rxd6 Qc5 21.
Rd5 Qc6 22. Rd6 Qc5 23. Rd5 Qc6 1/2-1/2

[Event "FRA Team Ch"]
[Site "VANDOEUVRE"]
[Date "2002.03.31"]
[Round "6.7"]
[White "Armas, Julius"]
[Black "Herb, Pascal"]
[Result "1-0"]
[WhiteElo "2385"]
[BlackElo "2307"]
[PlyCount "83"]
[EventDate "2002.03.??"]
[WhiteTeam "Mulhouse"]
[BlackTeam "Cannes"]

1. e4 c5 2. Nf3 d6 3. g3 Nf6 4. d3 g6 5. Bg2 Bg7 6. O-O O-O 7. c3 Nc6 8. Re1 d5
9. e5 Ne8 10. d4 cxd4 11. cxd4 Nc7 12. Nc3 Bg4 13. h3 Bxf3 14. Bxf3 e6 15. Bg2
b5 16. Be3 Qd7 17. Bf1 a6 18. h4 Na5 19. b3 Rfc8 20. h5 Ne8 21. Bd2 Nc6 22.
hxg6 fxg6 23. Qg4 Bf8 24. a4 b4 25. Nxd5 Nxd4 26. Nb6 Qb7 27. Qxd4 Bc5 28. Qf4
Qxb6 29. a5 Qa7 30. Bxb4 Bxb4 31. Qxb4 Rab8 32. Qg4 Qf7 33. Bxa6 Rc2 34. Re2
Rc6 35. Bc4 Nc7 36. Qe4 Nd5 37. Rd2 Rc5 38. a6 Qa7 39. Bxd5 exd5 40. Rxd5 Qa8
41. Rd4 Qxe4 42. Rxe4 1-0

[Event "FRA Team Ch"]
[Site "VANDOEUVRE"]
[Date "2002.03.31"]
[Round "6.8"]
[White "Claverie, Christophe"]
[Black "Anic, Darko"]
[Result "0-1"]
[WhiteElo "2363"]
[BlackElo "2457"]
[PlyCount "74"]
[EventDate "2002.03.??"]
[WhiteTeam "Mulhouse"]
[BlackTeam "Cannes"]

1. d4 Nf6 2. Bg5 d5 3. Bxf6 gxf6 4. e3 c6 5. c4 Bf5 6. Nc3 e6 7. Bd3 Bg6 8.
Nge2 Nd7 9. O-O Bd6 10. e4 dxe4 11. Bxe4 Qc7 12. g3 Kf8 13. Qd2 Kg7 14. Rad1
Rad8 15. Rfe1 a6 16. a3 c5 17. Bxg6 hxg6 18. dxc5 Nxc5 19. Qe3 b6 20. Nd4 Be5
21. Nf3 Bxc3 22. Qxc3 Ne4 23. Qc2 f5 24. b3 Qe7 25. Rxd8 Rxd8 26. Rd1 Rxd1+ 27.
Qxd1 Qf6 28. Qc1 g5 29. Nd2 Nc3 30. Qe1 Qd4 31. Nf3 Qd3 32. Nxg5 Ne2+ 33. Kg2
e5 34. Qb4 Qd1 35. f3 Qg1+ 36. Kh3 Qf2 37. Ne6+ Kf6 0-1

[Event "FRA Team Ch"]
[Site "VANDOEUVRE"]
[Date "2002.??.??"]
[Round "6.9"]
[White "Leconte, Maria"]
[Black "Muller, Anne"]
[Result "1/2-1/2"]
[WhiteElo "2308"]
[BlackElo "2167"]
[PlyCount "43"]
[EventDate "2002.03.??"]
[WhiteTeam "Cannes"]
[BlackTeam "Mulhouse"]

1. e4 c5 2. Nf3 d6 3. Bc4 e6 4. d3 Nf6 5. Bb3 Be7 6. c3 Nc6 7. O-O O-O 8. Re1
b5 9. Nbd2 b4 10. Nf1 Rb8 11. Ng3 bxc3 12. bxc3 Bd7 13. Nd2 Ne5 14. d4 cxd4 15.
cxd4 Nd3 16. Re3 Nxc1 17. Rxc1 d5 18. e5 Ne8 19. f4 Qb6 20. Nf3 g6 21. Bc2 Ng7
22. h4 1/2-1/2

[Event "FRA Team Ch"]
[Site "VANDOEUVRE"]
[Date "2002.??.??"]
[Round "6.1"]
[White "Van Wely, Loek"]
[Black "Renet, Olivier"]
[Result "1-0"]
[WhiteElo "2697"]
[BlackElo "2494"]
[PlyCount "79"]
[EventDate "2002.03.??"]
[WhiteTeam "Clichy"]
[BlackTeam "Vandoeuvre"]

1. d4 d5 2. c4 c6 3. Nc3 Nf6 4. Nf3 e6 5. Bg5 Nbd7 6. cxd5 exd5 7. e3 Be7 8.
Qc2 O-O 9. Bd3 Re8 10. h3 Nf8 11. Bf4 Ng6 12. Bh2 Bd6 13. Bxd6 Qxd6 14. O-O-O
b5 15. Kb1 Bd7 16. g4 b4 17. Na4 Ne4 18. Bxe4 dxe4 19. Nd2 Be6 20. Nc5 Bd5 21.
Ndxe4 Qe7 22. f3 Nh4 23. Rhf1 b3 24. axb3 Rab8 25. Rde1 Rb4 26. Nc3 Bxf3 27.
Nd3 Ng2 28. Rxf3 Nxe1 29. Nxe1 Reb8 30. Nd3 Rxb3 31. Na4 Qe4 32. Ne5 Rxe3 33.
Qxe4 Rxe4 34. Nxc6 Rb5 35. Nc3 Re1+ 36. Kc2 Rb7 37. d5 f6 38. b4 h6 39. Kd2 Re8
40. Kd3 1-0

[Event "FRA Team Ch"]
[Site "VANDOEUVRE"]
[Date "2002.??.??"]
[Round "6.3"]
[White "Tregubov, Pavel V"]
[Black "Wirig, Anthony"]
[Result "1-0"]
[WhiteElo "2626"]
[BlackElo "2304"]
[PlyCount "101"]
[EventDate "2002.03.??"]
[WhiteTeam "Clichy"]
[BlackTeam "Vandoeuvre"]

1. d4 Nf6 2. c4 c5 3. d5 b5 4. Nf3 g6 5. Qc2 Qa5+ 6. Nbd2 d6 7. e4 Bg7 8. cxb5
a6 9. bxa6 Bxa6 10. Bd3 O-O 11. O-O Bxd3 12. Qxd3 Nbd7 13. Nc4 Qa6 14. Qc2 Rfb8
15. Bd2 Ne8 16. a4 Nc7 17. Ra2 e6 18. dxe6 Nxe6 19. b3 Qb7 20. Rb1 Qc6 21. Qd3
Ra6 22. h3 h5 23. a5 Rba8 24. Be3 Qb5 25. Rd2 Nf6 26. Ng5 Nxg5 27. Bxg5 Ne8 28.
Be3 Qb4 29. Rdd1 Qb7 30. Bd2 Qc6 31. b4 cxb4 32. Bxb4 Rd8 33. e5 d5 34. Nb6 Ra7
35. Nxd5 Kh8 36. Ne7 Rxd3 37. Nxc6 Rxd1+ 38. Rxd1 Rc7 39. Rc1 Bxe5 40. a6 Bd4
41. Bc3 Bxc3 42. Rxc3 Rc8 43. a7 Ra8 44. Rb3 Kg7 45. Rb8 Nc7 46. Rb7 Ne6 47.
Ne5 Nd8 48. Rb8 Rxa7 49. Rxd8 Kf6 50. Nf3 Ra2 51. h4 1-0

[Event "FRA Team Ch"]
[Site "VANDOEUVRE"]
[Date "2002.??.??"]
[Round "6.4"]
[White "Paehtz, Elisabeth"]
[Black "Degraeve, Jean-Marc"]
[Result "0-1"]
[WhiteElo "2383"]
[BlackElo "2591"]
[PlyCount "78"]
[EventDate "2002.03.??"]
[WhiteTeam "Vandoeuvre"]
[BlackTeam "Clichy"]

1. e4 c5 2. Nf3 Nc6 3. d4 cxd4 4. Nxd4 e5 5. Nb5 d6 6. c4 Be7 7. N1c3 a6 8. Na3
f5 9. exf5 Bxf5 10. Bd3 Be6 11. Qh5+ Bf7 12. Qh3 Nf6 13. O-O Nd4 14. f4 Qc8 15.
Qe3 Nc6 16. Kh1 O-O 17. Bd2 exf4 18. Rxf4 Ne5 19. Bf5 Be6 20. Raf1 Bxf5 21.
Rxf5 Qd7 22. h3 Rf7 23. R5f4 Raf8 24. Ne4 h6 25. Nxf6+ Bxf6 26. Qe4 Re8 27. Re1
Rfe7 28. Qd5+ Nf7 29. Rxe7 Qxe7 30. b3 Qe2 31. Bc3 Re3 32. Nb1 Qxa2 33. Rf1 Qe2
34. Qf5 Qd3 35. Qf4 Ne5 36. Bxe5 Bxe5 37. Qf7+ Kh7 38. Na3 Rxh3+ 39. gxh3 Qxh3+
0-1

[Event "FRA Team Ch"]
[Site "VANDOEUVRE"]
[Date "2002.??.??"]
[Round "6.5"]
[White "Conquest, Stuart"]
[Black "Brunner, Nicolas"]
[Result "1-0"]
[WhiteElo "2596"]
[BlackElo "2238"]
[PlyCount "59"]
[EventDate "2002.03.??"]
[WhiteTeam "Clichy"]
[BlackTeam "Vandoeuvre"]

1. d4 Nf6 2. c4 c5 3. d5 b5 4. Nf3 g6 5. cxb5 a6 6. b6 d6 7. Nc3 Qxb6 8. e4 Bg7
9. Be2 O-O 10. O-O Bg4 11. Nd2 Bxe2 12. Qxe2 Nbd7 13. f4 Ne8 14. Nc4 Qc7 15.
Bd2 Bd4+ 16. Kh1 Ng7 17. Rae1 e6 18. e5 dxe5 19. fxe5 exd5 20. Nxd5 Qd8 21. Qe4
Ra7 22. Be3 Nf5 23. Rxf5 gxf5 24. Qxf5 Bxe3 25. Rxe3 Qh4 26. Nd6 f6 27. e6 Qd4
28. Ne7+ Kh8 29. Qxh7+ Kxh7 30. Rh3+ 1-0

[Event "FRA Team Ch"]
[Site "VANDOEUVRE"]
[Date "2002.??.??"]
[Round "6.6"]
[White "Denisart, Anthony"]
[Black "Relange, Eloi"]
[Result "0-1"]
[WhiteElo "2099"]
[BlackElo "2491"]
[PlyCount "60"]
[EventDate "2002.03.??"]
[WhiteTeam "Vandoeuvre"]
[BlackTeam "Clichy"]

1. d4 Nf6 2. c4 g6 3. Nc3 Bg7 4. e4 d6 5. Nf3 O-O 6. Be2 e5 7. O-O Nc6 8. d5
Ne7 9. b4 Nh5 10. Re1 f5 11. a4 Nf6 12. Nd2 a5 13. Ba3 axb4 14. Bxb4 c5 15. Ba3
Rf7 16. Bd3 f4 17. Rb1 g5 18. Qb3 Ng6 19. Nf3 Nd7 20. Nb5 Bf8 21. Bf1 g4 22.
Nd2 h5 23. Bc1 Nf6 24. Ra1 Nh7 25. Ra3 Ng5 26. Bb2 f3 27. g3 h4 28. Bc1 hxg3
29. hxg3 Rh7 30. Nb1 Qf6 0-1

[Event "FRA Team Ch"]
[Site "VANDOEUVRE"]
[Date "2002.03.31"]
[Round "6.7"]
[White "Apicella, Manuel"]
[Black "Klipper, Rebecca"]
[Result "1-0"]
[WhiteElo "2520"]
[BlackElo "2072"]
[PlyCount "45"]
[EventDate "2002.03.??"]
[WhiteTeam "Clichy"]
[BlackTeam "Vandoeuvre"]

1. e4 c5 2. Nf3 Nc6 3. d4 cxd4 4. Nxd4 g6 5. Nc3 Bg7 6. Be3 Nf6 7. Bc4 Qa5 8.
O-O O-O 9. Nb3 Qc7 10. f4 d6 11. Be2 a5 12. a4 Nb4 13. Nd4 Bd7 14. Rc1 Bc6 15.
Bf3 d5 16. e5 Ne4 17. Nxc6 Qxc6 18. Nb5 Qc4 19. b3 Qc6 20. c3 Na6 21. c4 e6 22.
cxd5 Qxd5 23. Qc2 1-0

[Event "FRA Team Ch"]
[Site "VANDOEUVRE"]
[Date "2002.??.??"]
[Round "6.8"]
[White "Marchal, Nicolas"]
[Black "Moingt, Jean-Claude"]
[Result "0-1"]
[WhiteElo "2034"]
[BlackElo "2297"]
[PlyCount "112"]
[EventDate "2002.03.??"]
[WhiteTeam "Vandoeuvre"]
[BlackTeam "Clichy"]

1. d4 Nf6 2. Nf3 g6 3. g3 Bg7 4. Bg2 O-O 5. O-O d6 6. Nbd2 Nbd7 7. Rb1 e5 8.
dxe5 dxe5 9. e4 Qe7 10. Qe2 a5 11. Rd1 b6 12. b3 Ba6 13. Qe1 Nc5 14. Bb2 Ne8
15. Nf1 Nd6 16. N3d2 Bb7 17. a3 Rfd8 18. Qe2 Ba6 19. Qg4 h5 20. Qf3 Ne6 21. Qe3
Kh7 22. Nf3 f6 23. Qe1 Nc5 24. N3d2 Bb7 25. Qe2 Ba6 26. Qe1 Bb7 27. Qe2 Qe6 28.
h3 Bh6 29. Kh2 Ba6 30. Qe1 Nb5 31. Nf3 Bb7 32. a4 Nd6 33. N3d2 h4 34. Bf3 Kg7
35. Qe2 Ba6 36. Qe1 Bb7 37. Qe2 Ba6 38. Qe1 Rh8 39. Bg2 hxg3+ 40. fxg3 Bxd2 41.
Nxd2 Bb7 42. Kg1 Rxh3 43. Bxh3 Qxh3 44. Qf1 Qxg3+ 45. Qg2 Qe3+ 46. Qf2 Qg5+ 47.
Qg2 Qe3+ 48. Qf2 Qg5+ 49. Qg2 Ncxe4 50. Qxg5 Nxg5 51. Nc4 Rh8 52. Nxd6 cxd6 53.
Rbc1 Rh1+ 54. Kf2 Rh4 55. Kg1 Nf3+ 56. Kf1 Bc8 0-1

[Event "FRA Team Ch"]
[Site "VANDOEUVRE"]
[Date "2002.??.??"]
[Round "6.9"]
[White "Costagliola, Marina"]
[Black "Iglesias, Iannis"]
[Result "1-0"]
[WhiteElo "2261"]
[BlackElo "2050"]
[PlyCount "83"]
[EventDate "2002.03.??"]
[WhiteTeam "Clichy"]
[BlackTeam "Vandoeuvre"]

1. e4 c5 2. Nc3 Nc6 3. g3 g6 4. Bg2 Bg7 5. d3 d6 6. f4 e6 7. Nf3 Nge7 8. O-O
O-O 9. Rb1 Rb8 10. a3 Nd4 11. Ne2 Bd7 12. Be3 Nec6 13. c3 Nxf3+ 14. Bxf3 e5 15.
f5 gxf5 16. exf5 Bf6 17. Qd2 Kh8 18. g4 Rg8 19. Ng3 Be7 20. Kh1 b6 21. h3 Bh4
22. Nh5 f6 23. Bd5 Ne7 24. Bxg8 Qxg8 25. Kh2 Qf7 26. Ng3 Rg8 27. Rg1 d5 28. d4
cxd4 29. cxd4 Nc6 30. Rbd1 e4 31. Bf4 Qe7 32. Rc1 Re8 33. Rc3 Na5 34. Nf1 Nc4
35. Qg2 b5 36. Ne3 Nxe3 37. Rxe3 Rc8 38. Qd2 Rc4 39. Rc1 Bf2 40. Rec3 e3 41.
Bxe3 Qd6+ 42. Bf4 1-0

[Event "FRA Team Ch"]
[Site "VANDOEUVRE"]
[Date "2002.??.??"]
[Round "6.2"]
[White "Khenkin, Igor"]
[Black "Nataf, Igor-Alexandre"]
[Result "1-0"]
[WhiteElo "2584"]
[BlackElo "2546"]
[PlyCount "125"]
[EventDate "2002.03.??"]
[WhiteTeam "Nancy"]
[BlackTeam "NAO Chess Club"]

1. d4 Nf6 2. c4 g6 3. Nc3 Bg7 4. e4 d6 5. Bg5 h6 6. Be3 c5 7. d5 e6 8. e5 Ng4
9. Qxg4 exd5 10. Qf3 d4 11. Ne4 dxe5 12. Bd2 Qe7 13. g4 O-O 14. O-O-O f5 15.
gxf5 gxf5 16. Ng3 e4 17. Qf4 Qf7 18. Qh4 d3 19. Bxd3 exd3 20. Nh5 Bf6 21. Nxf6+
Qxf6 22. Qh5 Kh7 23. Nf3 Nc6 24. Rhg1 Bd7 25. Bc3 Nd4 26. Bxd4 cxd4 27. Rxd3
Be8 28. Qh3 Rd8 29. Rgd1 Ba4 30. b3 Bc6 31. Nxd4 Be4 32. R3d2 Rf7 33. f3 Bc6
34. Kc2 Be8 35. f4 a5 36. a4 Bc6 37. Nxc6 Rxd2+ 38. Rxd2 bxc6 39. Qc3 Qe6 40.
Kb2 Qe4 41. Qxa5 Qxf4 42. Qc3 c5 43. Re2 Qd6 44. Kc2 Qc6 45. Qd3 Kg7 46. Qg3+
Qg6 47. Re6 Qg5 48. Re5 Qxg3 49. hxg3 Kf6 50. Rxc5 Kg5 51. Rc8 Rg7 52. b4 Kg4
53. b5 Kxg3 54. b6 f4 55. Rc7 Rg8 56. b7 Rb8 57. Rg7+ Kh2 58. c5 f3 59. c6 Rf8
60. c7 f2 61. b8=Q f1=Q 62. c8=Q+ Rf4 63. Qxf4+ 1-0

[Event "FRA Team Ch"]
[Site "VANDOEUVRE"]
[Date "2002.??.??"]
[Round "6.3"]
[White "Bacrot, Etienne"]
[Black "Arkell, Keith C"]
[Result "1/2-1/2"]
[WhiteElo "2649"]
[BlackElo "2463"]
[PlyCount "101"]
[EventDate "2002.03.??"]
[WhiteTeam "NAO Chess Club"]
[BlackTeam "Nancy"]

1. d4 e6 2. c4 Bb4+ 3. Bd2 Bxd2+ 4. Qxd2 d5 5. Nc3 Nf6 6. Nf3 O-O 7. Rc1 Nbd7
8. e3 Qe7 9. cxd5 exd5 10. Bd3 c6 11. Qc2 b6 12. O-O Bb7 13. Bf5 g6 14. Bxd7
Nxd7 15. Rfd1 Rfd8 16. a3 Nf6 17. h3 Ne8 18. b4 Nd6 19. a4 a5 20. bxa5 Rxa5 21.
Qb3 Ra6 22. Ne5 Rda8 23. Rb1 Qe6 24. Rdc1 c5 25. Qd1 c4 26. Rb4 f6 27. Qg4 Qxg4
28. Nxg4 Kf7 29. f3 h5 30. Nh2 Bc6 31. Nf1 g5 32. Rcb1 Nc8 33. e4 dxe4 34. fxe4
Bxa4 35. Rxc4 Bd7 36. Nd5 b5 37. Rcc1 Ra4 38. Ng3 Rxd4 39. Nxh5 f5 40. Nhf6
fxe4 41. Rf1 Kg6 42. Nxd7 Rxd5 43. Nf8+ Kh5 44. Rbc1 Rd2 45. Kh1 e3 46. Rc7 Ra7
47. g4+ Kh4 48. Rxa7 Nxa7 49. Rf3 Rd1+ 50. Kg2 Rd2+ 51. Kh1 1/2-1/2

[Event "FRA Team Ch"]
[Site "VANDOEUVRE"]
[Date "2002.03.31"]
[Round "6.4"]
[White "Gormally, Dan"]
[Black "Spassky, Boris V"]
[Result "1/2-1/2"]
[WhiteElo "2506"]
[BlackElo "2551"]
[PlyCount "56"]
[EventDate "2002.03.??"]
[WhiteTeam "Nancy"]
[BlackTeam "NAO Chess Club"]

1. e4 e5 2. Nf3 Nc6 3. Bb5 a6 4. Ba4 Nf6 5. O-O Be7 6. Re1 b5 7. Bb3 d6 8. c3
O-O 9. h3 Na5 10. Bc2 c5 11. d4 Qc7 12. Nbd2 cxd4 13. cxd4 Nc6 14. d5 Nb4 15.
Bb1 a5 16. Nf1 Bd7 17. a3 Na6 18. Ng3 Rfc8 19. Be3 Nc5 20. b3 Qb7 21. Bc2 Bd8
22. Rc1 Bb6 23. Nh4 g6 24. Qd2 Bd8 25. Nf3 a4 26. b4 Na6 27. Bd3 Rxc1 28. Rxc1
Nc7 1/2-1/2

[Event "FRA Team Ch"]
[Site "VANDOEUVRE"]
[Date "2002.??.??"]
[Round "6.5"]
[White "Horvath, Jozsef"]
[Black "Adrian, Claude"]
[Result "1-0"]
[WhiteElo "2537"]
[BlackElo "2329"]
[PlyCount "75"]
[EventDate "2002.03.??"]
[WhiteTeam "NAO Chess Club"]
[BlackTeam "Nancy"]

1. Nf3 c5 2. c4 Nf6 3. Nc3 e6 4. e4 Nc6 5. Be2 d5 6. exd5 exd5 7. d4 Be6 8. Be3
cxd4 9. Nxd4 Bb4 10. O-O Bxc3 11. bxc3 O-O 12. Rb1 Ne4 13. Nxe6 fxe6 14. Qc2
Qc7 15. cxd5 exd5 16. Qb3 Rad8 17. Bd3 Rf7 18. Rfd1 Qe5 19. Rbc1 Kh8 20. h3
Rdf8 21. Bxe4 dxe4 22. Bxa7 Qh5 23. Bb6 Ne5 24. Rd5 Rf5 25. Rcd1 Nd3 26. c4 Qg6
27. Rxf5 Qxf5 28. Qb5 Qf6 29. Rf1 h6 30. Be3 Ne5 31. Qd5 Qf5 32. Rb1 Rf6 33.
Rxb7 Kh7 34. Re7 Nf3+ 35. Kf1 Qxd5 36. cxd5 Ng5 37. Bd4 Rf7 38. d6 1-0

[Event "FRA Team Ch"]
[Site "VANDOEUVRE"]
[Date "2002.03.31"]
[Round "6.6"]
[White "Philippe, Christophe"]
[Black "Maze, Sebastien"]
[Result "1/2-1/2"]
[WhiteElo "2325"]
[BlackElo "2349"]
[PlyCount "60"]
[EventDate "2002.03.??"]
[WhiteTeam "Nancy"]
[BlackTeam "NAO Chess Club"]

1. e4 c5 2. Nf3 Nc6 3. d4 cxd4 4. Nxd4 g6 5. Nc3 Bg7 6. Be3 Nf6 7. Bc4 d6 8. f3
Qb6 9. Nf5 Qxb2 10. Nxg7+ Kf8 11. Nd5 Nxd5 12. Bxd5 Kxg7 13. O-O Qc3 14. Qc1 h6
15. Rb1 Nd4 16. Qe1 e5 17. Qf2 Be6 18. Bxd4 Qxd4 19. Bxe6 Qxf2+ 20. Kxf2 fxe6
21. Rxb7+ Kf6 22. Rd1 Rhd8 23. c4 a5 24. h4 Rab8 25. Rb5 Rbc8 26. Rxa5 Rxc4 27.
Rd2 d5 28. exd5 Rxd5 29. Rdxd5 exd5 30. Rxd5 Rc2+ 1/2-1/2

[Event "FRA Team Ch"]
[Site "VANDOEUVRE"]
[Date "2002.??.??"]
[Round "6.7"]
[White "Sebag, Marie"]
[Black "Spielmann, Alain"]
[Result "1-0"]
[WhiteElo "2368"]
[BlackElo "2307"]
[PlyCount "165"]
[EventDate "2002.03.??"]
[WhiteTeam "NAO Chess Club"]
[BlackTeam "Nancy"]

1. e4 c6 2. d4 d5 3. Nc3 dxe4 4. Nxe4 Nf6 5. Nxf6+ gxf6 6. c3 Bf5 7. Nf3 e6 8.
g3 Be7 9. Bg2 Be4 10. O-O h5 11. h4 f5 12. Qb3 Qb6 13. Bf4 Nd7 14. Nd2 Bxg2 15.
Kxg2 c5 16. Qa4 Qc6+ 17. Qxc6 bxc6 18. Nb3 cxd4 19. Nxd4 Rc8 20. Rfe1 Kf8 21.
Nf3 Nf6 22. Rac1 Nd5 23. Bd2 Kg7 24. c4 Nf6 25. Bc3 Rhd8 26. Rcd1 Kf8 27. Rxd8+
Rxd8 28. Ne5 Rc8 29. f3 Ke8 30. Nd3 Nd7 31. Rd1 Bd6 32. Bd4 Ke7 33. Be3 Rg8 34.
f4 Nf6 35. Bxa7 Ra8 36. Bd4 Rxa2 37. c5 Bc7 38. Nb4 Ra4 39. Nxc6+ Kd7 40. Nd8
Nd5 41. Nxf7 Bb8 42. Ng5 Ba7 43. c6+ Kxc6 44. Nxe6 Kd6 45. Bxa7 Kxe6 46. Bd4
Rb4 47. Rd3 Rc4 48. Bc3 Ra4 49. Kf3 Ra1 50. Be5 Rc1 51. Ra3 Rc6 52. Ra7 Rb6 53.
Rh7 Rb3+ 54. Bc3 Nxc3 55. bxc3 Rxc3+ 56. Kg2 Kf6 57. Rh6+ Kg7 58. Rxh5 Rc2+ 59.
Kh3 Kg6 60. Rg5+ Kf6 61. h5 Ra2 62. Rg6+ Kf7 63. Kh4 Rg2 64. Rb6 Kg7 65. h6+
Kh7 66. Rb5 Kg6 67. Kh3 Rg1 68. Kh2 Ra1 69. h7 Ra8 70. Rb7 Rh8 71. Kg2 Rf8 72.
Kf3 Rc8 73. Re7 Rh8 74. Ke3 Kf6 75. Ra7 Rd8 76. Rd7 Rh8 77. Kd4 Re8 78. Kd5 Ra8
79. Rd6+ Kg7 80. Ke6 Ra3 81. Kxf5 Rxg3 82. Rg6+ Kh8 83. Rxg3 1-0

[Event "FRA Team Ch"]
[Site "VANDOEUVRE"]
[Date "2002.??.??"]
[Round "6.8"]
[White "Nezar, Mustapha"]
[Black "Plantet, Sebastien"]
[Result "1/2-1/2"]
[WhiteElo "2380"]
[BlackElo "2309"]
[PlyCount "99"]
[EventDate "2002.03.??"]
[WhiteTeam "Nancy"]
[BlackTeam "NAO Chess Club"]

1. d4 Nf6 2. c4 e6 3. Nf3 Bb4+ 4. Bd2 Qe7 5. Nc3 O-O 6. g3 c5 7. a3 Bxc3 8.
Bxc3 Ne4 9. Rc1 Nxc3 10. Rxc3 d6 11. Bg2 Nc6 12. O-O e5 13. d5 Nd4 14. Nd2 Bd7
15. e3 Nf5 16. b4 b6 17. Qc2 Rfc8 18. Rb1 Nh6 19. Rb2 Rc7 20. Qb1 Bf5 21. Qa1
Rac8 22. a4 cxb4 23. Rxb4 Ng4 24. h3 Nf6 25. e4 Bg6 26. h4 Nd7 27. Bh3 Rf8 28.
Qd1 h6 29. Re3 Nc5 30. Bg2 Qd7 31. Rb5 f5 32. Bh3 Qd8 33. exf5 Bxf5 34. Bxf5
Rxf5 35. Ne4 Nxe4 36. Rxe4 Qf6 37. Rb2 Rf3 38. Qe2 Qf5 39. Re3 Rxe3 40. Qxe3
Rxc4 41. a5 bxa5 42. Rb7 Rd4 43. Rxa7 a4 44. Kg2 Kh7 45. Ra6 Rd3 46. Qe2 e4 47.
Rxa4 Qf3+ 48. Qxf3 exf3+ 49. Kh3 Rxd5 50. Kg4 1/2-1/2

[Event "FRA Team Ch"]
[Site "VANDOEUVRE"]
[Date "2002.??.??"]
[Round "6.9"]
[White "De Sousa, Jose-Claude"]
[Black "Franc, Nathalie"]
[Result "1/2-1/2"]
[WhiteElo "2274"]
[BlackElo "2078"]
[PlyCount "74"]
[EventDate "2002.03.??"]
[WhiteTeam "NAO Chess Club"]
[BlackTeam "Nancy"]

1. e4 d6 2. d4 Nf6 3. Nc3 Nbd7 4. Nf3 e5 5. Bc4 Be7 6. O-O O-O 7. Re1 c6 8. a4
b6 9. d5 cxd5 10. Nxd5 Bb7 11. Nxf6+ Nxf6 12. Qd3 d5 13. Ba6 Bxa6 14. Qxa6 dxe4
15. Nxe5 Qc7 16. Nc4 Ng4 17. g3 Bc5 18. Be3 Bxe3 19. Nxe3 Nxe3 20. Rxe3 Qxc2
21. Qe2 Qxe2 22. Rxe2 f5 23. Rc1 Rac8 24. Rec2 Rxc2 25. Rxc2 g6 26. h4 Kg7 27.
a5 bxa5 28. Rc5 Rf7 29. Rxa5 Kf6 30. Kf1 Rb7 31. Ke1 Rd7 32. Ke2 Ke6 33. Ke1
Rb7 34. Kf1 Rd7 35. Ke2 Rb7 36. Kf1 Kd6 37. h5 Rxb2 1/2-1/2

[Event "FRA Team Ch"]
[Site "VANDOEUVRE"]
[Date "2002.??.??"]
[Round "6.1"]
[White "Komarov, Dimitri"]
[Black "Doettling, Fabian"]
[Result "1-0"]
[WhiteElo "2537"]
[BlackElo "2540"]
[PlyCount "63"]
[EventDate "2002.03.??"]
[WhiteTeam "Drancy"]
[BlackTeam "Strasbourg"]

1. d4 d5 2. c4 e6 3. Nc3 Be7 4. Nf3 Nf6 5. Bg5 O-O 6. e3 Nbd7 7. Rc1 a6 8. c5
Ne4 9. Bxe7 Qxe7 10. Nxe4 dxe4 11. Nd2 Nf6 12. Nc4 Bd7 13. Ne5 Bc6 14. Nxc6
bxc6 15. Qa4 e5 16. Be2 exd4 17. Qxd4 Rfd8 18. Qa4 Qe5 19. Rc2 Rab8 20. O-O
Rxb2 21. Rxb2 Qxb2 22. Bxa6 Rf8 23. h3 h6 24. Rd1 Nd5 25. Qxc6 Nc3 26. Rd4 Qxa2
27. Bc4 Qb1+ 28. Kh2 Qe1 29. Rd7 Ne2 30. Bxe2 Qxe2 31. Kg3 Re8 32. Rd2 1-0

[Event "FRA Team Ch"]
[Site "VANDOEUVRE"]
[Date "2002.03.31"]
[Round "6.2"]
[White "Kallai, Gabor"]
[Black "David, Alberto"]
[Result "1/2-1/2"]
[WhiteElo "2549"]
[BlackElo "2516"]
[PlyCount "25"]
[EventDate "2002.03.??"]
[WhiteTeam "Strasbourg"]
[BlackTeam "Drancy"]

1. d4 Nf6 2. c4 g6 3. Nc3 Bg7 4. e4 d6 5. Be2 O-O 6. Bg5 Na6 7. Nf3 h6 8. Bh4
c5 9. d5 g5 10. Bg3 Nh5 11. O-O Nxg3 12. hxg3 e6 13. Qd2 1/2-1/2

[Event "FRA Team Ch"]
[Site "VANDOEUVRE"]
[Date "2002.??.??"]
[Round "6.3"]
[White "Salaun, Yann"]
[Black "Roos, Daniel"]
[Result "1-0"]
[WhiteElo "2409"]
[BlackElo "2420"]
[PlyCount "69"]
[EventDate "2002.03.??"]
[WhiteTeam "Drancy"]
[BlackTeam "Strasbourg"]

1. e4 c6 2. d4 d5 3. e5 Bf5 4. c4 e6 5. Nc3 Nd7 6. Nf3 Ne7 7. h3 dxc4 8. Bxc4
Nd5 9. O-O Be7 10. Qe2 Nxc3 11. bxc3 O-O 12. Rd1 b5 13. Bd3 Nb6 14. Be4 Nd5 15.
Rd3 Bg6 16. Bxg6 fxg6 17. Bd2 Nb6 18. Rd1 Qd5 19. Bg5 Rxf3 20. Bxe7 Rf7 21. Bc5
Nc4 22. h4 a5 23. Rh3 Rf5 24. Rdd3 Rf4 25. h5 Re4 26. Qf3 Re1+ 27. Kh2 Qxf3 28.
Rhxf3 Re2 29. hxg6 hxg6 30. Rg3 Rxf2 31. Rxg6 Kf7 32. Rdg3 Rg8 33. d5 Nxe5 34.
dxe6+ Ke8 35. Bxf2 1-0

[Event "FRA Team Ch"]
[Site "VANDOEUVRE"]
[Date "2002.??.??"]
[Round "6.4"]
[White "Herbrechtsmeier, Christof"]
[Black "Legky, Nikolay A"]
[Result "0-1"]
[WhiteElo "2345"]
[BlackElo "2485"]
[PlyCount "82"]
[EventDate "2002.03.??"]
[WhiteTeam "Strasbourg"]
[BlackTeam "Drancy"]

1. e4 e6 2. d4 d5 3. Nc3 a6 4. Bd3 Nc6 5. Nge2 Nb4 6. O-O Be7 7. Ng3 Nxd3 8.
cxd3 Nf6 9. e5 Ng8 10. Kh1 Bd7 11. Be3 Bf8 12. Rc1 h5 13. Nge2 Nh6 14. f3 Nf5
15. Bf2 Qg5 16. Ng1 Bc6 17. Nce2 Bb4 18. Rxc6 bxc6 19. Qa4 Rb8 20. Qxc6+ Kf8
21. f4 Qd8 22. Qxa6 Be7 23. Rb1 Ra8 24. Qc6 Rxa2 25. Nc3 Qa8 26. Qxc7 Ra7 27.
Qb6 Qb7 28. Qxb7 Rxb7 29. Na4 Ke8 30. Nc5 Bxc5 31. dxc5 Kd7 32. b4 Rhb8 33. c6+
Kxc6 34. Bc5 Ra8 35. Nf3 Ra2 36. Rg1 Rb8 37. Ng5 Nh6 38. Rc1 Rba8 39. Bd6+ Kb6
40. Bc7+ Kb7 41. Ba5 Rc8 0-1

[Event "FRA Team Ch"]
[Site "VANDOEUVRE"]
[Date "2002.??.??"]
[Round "6.5"]
[White "Godard, Maxence"]
[Black "Roos, Louis"]
[Result "0-1"]
[WhiteElo "2383"]
[BlackElo "2351"]
[PlyCount "88"]
[EventDate "2002.03.??"]
[WhiteTeam "Drancy"]
[BlackTeam "Strasbourg"]

1. e4 e6 2. d4 d5 3. Nc3 Bb4 4. e5 Qd7 5. a3 Bxc3+ 6. bxc3 b6 7. a4 Ba6 8. Bxa6
Nxa6 9. Nh3 Nb8 10. Qg4 f5 11. Qh5+ g6 12. Qe2 Nc6 13. Nf4 Na5 14. O-O Nc4 15.
Nd3 a5 16. f3 h6 17. g4 Ne7 18. Nb2 Qc6 19. Nd3 Qd7 20. Nb2 Nxb2 21. Bxb2 Qc6
22. Qd2 Kd7 23. Ba3 Raf8 24. Qd3 Rf7 25. Qb5 Qxb5 26. axb5 Rhf8 27. gxf5 Rxf5
28. Kg2 g5 29. h3 Rc8 30. c4 Ng6 31. cxd5 Nf4+ 32. Kf2 exd5 33. c4 dxc4 34. h4
gxh4 35. Rh1 Rg8 36. Rxh4 Rg2+ 37. Kf1 Rfg5 38. Rxf4 Rg1+ 39. Kf2 R5g2+ 40. Ke3
Rxa1 41. Rf7+ Kc8 42. Bf8 Re1+ 43. Kf4 c3 44. Kf5 Re3 0-1